Logo Biblioteca

La larga búsqueda del señor Lamousset / (Registro nro. 35)

Detalles MARC
000 -LEADER
fixed length control field 01655nam a22002177a 4500
003 - CONTROL NUMBER IDENTIFIER
control field OSt
005 - DATE AND TIME OF LATEST TRANSACTION
control field 20230711154736.0
008 - FIXED-LENGTH DATA ELEMENTS--GENERAL INFORMATION
fixed length control field 230705s2015 ag ||||| |||| 00| 1 spa d
020 ## - INTERNATIONAL STANDARD BOOK NUMBER
International Standard Book Number 9789500437141
040 ## - CATALOGING SOURCE
Language of cataloging spa
Transcribing agency besoc
100 1# - MAIN ENTRY--PERSONAL NAME
Personal name Brock, Lynn
Dates associated with a name (1877-1943)
Relator term autor
245 10 - TITLE STATEMENT
Title La larga búsqueda del señor Lamousset /
Statement of responsibility, etc. Lynn Brock ; traducción de Fernando M. Ungría
250 ## - EDITION STATEMENT
Edition statement 1a ed.
260 ## - PUBLICATION, DISTRIBUTION, ETC.
Place of publication, distribution, etc. Buenos Aires :
Name of publisher, distributor, etc. Emecé,
Date of publication, distribution, etc. 2015
300 ## - PHYSICAL DESCRIPTION
Extent 324 p.
490 ## - SERIES STATEMENT
Series statement El séptimo círculo / colección creada por Jorge Luis Borges y Adolfo Bioy Casares
520 ## - SUMMARY, ETC.
Summary, etc. Lamousset es un leal lacayo que hace de su oficio, su vida. Al servicio del duque de Lorán, será el encargado de velar por lo deseos del difunto: ser enterrado con un valioso crucifijo propiedad de la familia. Al morir el duque, la valiosa joya es robada por un doctor que se convierte en el enemigo necesario de Lamousset, al haber sido éste testigo del robo. Cassard intenta por todos los medios deshacerse de Lamousset. Lo reta a duelo, intenta envenenarlo... Entre las burlas y la angustia, la venganza y el amor, la paciencia enemistad y la noble aventura discurre esta historia espléndida. "Deseo que, después de mi muerte, se extraigan mi corazón y mi cerebro, lo antes posible. Esto se hará en presencia de Lamousset, mi servidor confidencial, y en este cuarto. Mi testamento contiene las instrucciones pertinentes para el destino de mi corazón. Su extracción asegurará al mundo que al menos tenía uno. ¿De acuerdo? [Nota del editor].
650 #4 - SUBJECT ADDED ENTRY--TOPICAL TERM
Topical term or geographic name entry element Literatura inglesa
Form subdivision Novelas
Chronological subdivision Siglo XX
700 ## - ADDED ENTRY--PERSONAL NAME
Personal name Ungría, Fernando M.
Relator term traductor
942 ## - ADDED ENTRY ELEMENTS (KOHA)
Source of classification or shelving scheme Universal Decimal Classification
Koha item type Obra General
Suppress in OPAC No
Existencias
Withdrawn status Lost status Source of classification or shelving scheme Damaged status Not for loan Collection Home library Current library Date acquired Total checkouts Full call number Barcode Date last seen Price effective from Koha item type
    Universal Decimal Classification     Colección General Biblioteca Escuela de Ciencias Sociales Biblioteca Escuela de Ciencias Sociales 11/07/2023   82-312.4(410) B864 000665 11/07/2023 11/07/2023 Obra General
Biblioteca de la Escuela Preuniversitaria en Ciencias Sociales y Humanísticas.
Riobamba 250 bis.
CP 2000 - Rosario - Santa Fe
E-Mail: biblioteca@esociales.unr.edu.ar